| 000 -LEADER |
| fixed length control field |
00782cam a2200241 a 4500 |
| 020 ## - INTERNATIONAL STANDARD BOOK NUMBER |
| ISBN |
9780821372135 |
| 020 ## - INTERNATIONAL STANDARD BOOK NUMBER |
| ISBN |
0821372130 |
| 020 ## - INTERNATIONAL STANDARD BOOK NUMBER |
| ISBN |
9780821372142 (electronic) |
| 020 ## - INTERNATIONAL STANDARD BOOK NUMBER |
| ISBN |
0821372149 (electronic) |
| 040 ## - CATALOGING SOURCE |
| Transcribing agency |
DLC |
| 082 00 - DEWEY DECIMAL CLASSIFICATION NUMBER |
| Classification number |
338 WOR 2008 A072 Or. |
| 245 00 - TITLE STATEMENT |
| Title |
Growing industrial clusters in Asia : |
| Remainder of title |
serendipity and science / |
| 260 ## - PUBLICATION, DISTRIBUTION, ETC. (IMPRINT) |
| Place of publication |
Washington, D.C. : |
| Name of publisher |
World Bank, |
| Year of publication |
c2008. |
| 300 ## - PHYSICAL DESCRIPTION |
| Number of Pages |
xvii, 283 p. : |
| Other physical details |
ill., map ; |
| Dimensions |
23 cm. |
| 490 1# - SERIES STATEMENT |
| Series statement |
Directions in development. Private sector development |
| 650 #0 - SUBJECT ADDED ENTRY--TOPICAL TERM |
| Topical Term |
Industrial clusters |
| 650 #0 - SUBJECT ADDED ENTRY--TOPICAL TERM |
| Topical Term |
High technology industries |
| 700 1# - ADDED ENTRY--PERSONAL NAME |
| Personal name |
Yusuf, Shahid, |
| 700 1# - ADDED ENTRY--PERSONAL NAME |
| Personal name |
Nabeshima, Kaoru. |
| 700 1# - ADDED ENTRY--PERSONAL NAME |
| Personal name |
Yamashita, Shōichi, |
| 856 41 - ELECTRONIC LOCATION AND ACCESS |
| Uniform Resource Identifier |
http://www.loc.gov/catdir/toc/ecip082/2007040493.html |
| 942 ## - ADDED ENTRY ELEMENTS (KOHA) |
| Koha item type |
សៀវភៅភាសាអង់គ្លេស |
| 952 ## - LOCATION AND ITEM INFORMATION (KOHA) |
| Withdrawn status [LOCAL, KOHA] |
0 |